Pääkaupungit kirjaimittain - R - Statistics

Yleistilastot
  • Tätä visaa on pelattu 1 213 kertaa
  • Keskiarvotulos 5 / 6
Vastaustilastot
Valtio Pääkaupunki % Oikein
Italia Rooma
92%
Islanti Reykjavik
87%
Latvia Riika
85%
Saudi-Arabia Riad
75%
Marokko Rabat
69%
Dominica Roseau
55%
Ehtoja vastaavia visoja ei löytynyt
Tulosjakauma
Jokaisen tuloksen saaneiden osuus
Persentiili vastausten määrän mukaan
Tuloshistoriasi
Et ole pelannut tätä visaa